The age of reform

Spremljeno u:
Bibliografski detalji
Glavni autor: Woodward, E. L.
Format: Knjiga
Jezik:Undetermined
Izdano: Oxford Oxford At The Clarendon Press 1949
Teme:
Oznake: Dodaj oznaku
Bez oznaka, Budi prvi tko označuje ovaj zapis!
Thư viện lưu trữ: Trung tâm Học liệu Trường Đại học Cần Thơ
LEADER 00649nam a2200217Ia 4500
001 CTU_83883
008 210402s9999 xx 000 0 und d
082 |a 942.07 
082 |b W899 
100 |a Woodward, E. L. 
245 4 |a The age of reform 
245 0 |c E. L. Woodward 
260 |a Oxford 
260 |b Oxford At The Clarendon Press 
260 |c 1949 
650 |a Great Britain,Great Britain,Great Britain 
650 |x Politics and government,History,Social conditions 
650 |y 19th century,19th century,19th century 
904 |i Tuyến, Qhieu 
910 |a Tuyen 
980 |a Trung tâm Học liệu Trường Đại học Cần Thơ